Normal view
MARC view
Entry Meeting Name
001 - CONTROL NUMBER
- control field: 28668
003 - CONTROL NUMBER IDENTIFIER
- control field: OSt
005 - DATE AND TIME OF LATEST TRANSACTION
- control field: 20211105135209.0
008 - FIXED-LENGTH DATA ELEMENTS
- fixed length control field: 211105|| aca||aabn | a|a d
040 ## - CATALOGING SOURCE
- Original cataloging agency: OSt
- Transcribing agency: OSt
111 ## - HEADING--MEETING NAME
- Meeting name or jurisdiction name as entry element: Meeting Astronomical Data Analysis Software and Systems
- Location of meeting: USA
- Date of meeting or treaty signing: 1998 Nov. 1-4
670 ## - SOURCE DATA FOUND
- Source citation: Work cat.: (OSt): Meeting Astronomical Data Analysis Software and Systems USA 1998 Nov. 1-4, Astronomical data analysis software and systems, 1999